| 000 | 00622nmc a2200253 a 4500 | ||
|---|---|---|---|
| 003 | AR-BaBNM | ||
| 005 | 20251128204205.0 | ||
| 008 | 305119s1992 ||||||||||||||000 | spa|| | ||
| 020 | _a84-7046-212-1 | ||
| 040 | _cAR-BaBNM | ||
| 100 | 1 | _aVelázquez Cueto, Gerardo | |
| 245 | 1 | 0 | _aGaldós y Clarín |
| 260 |
_a[S.l.] _bCincel-Kapelusz _c1992 |
||
| 300 | 0 | _a86 p. | |
| 490 | 0 | _aCuadernos de estudio. Literatura | |
| 650 | 4 | _aLITERATURA ESPANOLA | |
| 650 | 4 | _aESPIRITUAlISMO | |
| 650 | 4 | _aREALISMO | |
| 653 | 0 | _aNOVELA CORTA | |
| 653 | 0 | _aNATURALISMO | |
| 655 | _aLITERATURA | ||
| 942 | _cBK | ||
| 998 | _cCarmen | ||
| 999 |
_c6529 _d6529 |
||